| 000 | 00722nam a22002297a 4500 | ||
|---|---|---|---|
| 942 | _cBK | ||
| 999 |
_c616 _d616 |
||
| 005 | 20250420134818.0 | ||
| 008 | 200813b ||||| |||| 00| 0 eng d | ||
| 020 | _a9781259253188 | ||
| 040 | _cKCST | ||
| 082 |
_a658.4032 _bHi In |
||
| 100 |
_aHillier, Frederick S. _95086 |
||
| 245 |
_aIntroduction to operations research / _cFrederick S Hillier; Gerald J Lieberman |
||
| 250 |
_a10th edition _bInt. student edition |
||
| 260 |
_aNew York: _bMcGraw-Hill, _c2015. |
||
| 300 | _a1010 p. | ||
| 650 |
_aDecision making. _vMathematical models _95087 |
||
| 650 |
_aGame theory. _93185 |
||
| 650 |
_aOperational research _vProblems and exercises. _95088 |
||
| 700 |
_aLieberman, Gerald J. _95089 |
||
| 942 | _2ddc | ||